000 00567cam a22002411 4500
001 7495257
005 20180307092928.0
008 750709s1961 paua b 000 0 eng
010 _a 61006729
015 _aGB61-10327
035 _a(OCoLC)1436876
040 _aDLC
_cFO
_dOCoLC
_dUk
_dDLC
041 _aeng
042 _apremarc
080 _a576 CAR
082 _a576 CAR
100 1 _a11
101 _aBIO
245 0 0 _aMicrobiology.
504 _aIncludes bibliographies.
906 _a7
_bcbc
_coclcrpl
_du
_encip
_f19
_gy-gencatlg
942 _2ddc
_cBK
999 _c44351
_d44351